000 00919nam a22003017a 4500
003 CHAP
005 20220329134642.0
008 971013s1969 r 00010 d
010 _a23651
011 _a24623
035 _a28722
040 _cCHAP
082 _a001.64044
_bC4
100 0 0 _aChu, Yaohan.
_922965
245 _aDigital simulation of continuous systems
260 _aNew York :
_bMcGraw-Hill,
_c1969
300 _a423 p
590 _aBATCH-UPD
_b10
_c20130110
_lUCH01
_h1003
590 _aBATCH-UPD
_b10
_c20130410
_lUCH01
_h0614
590 _aBATCH-UPD
_b10
_c20130914
_lUCH01
_h0816
590 _aCONVERSION
_b10
_c20130109
_lUCH01
_h1314
650 1 4 _aCalculadoras electrónicas digitales.
_917346
650 1 4 _aLenguajes de programación.
_965989
650 1 4 _aSimulación.
_9106523
901 _aBK
942 _cLIBRO
949 _a001.64044 C4
_bBC
_cLIBRO
_d33724000285797
_eLIBRO
_h41755
_i28722
_mD
_si
999 _c23651
_d23651